Premier League 100 Club- Sudden Death - Statistics

General Stats
  • This quiz has been taken 38 times
  • The average score is 7 of 18
Answers on the Grid
Answers color-coded by a green-red scale on the quiz's grid according to % correct below.
Alan Shearer
Darren Bent
Dennis Bergkamp
Dimitar Berbatov
Dion Dublin
Eden Hazard
Emile Heskey
Emmanuel Adebayor
Eric Cantona
Fernando Torres
Ian Wright
Matthew Le Tissier
Mo Salah
Nicolas Anelka
Ole Gunnar Solskjaer
Paul Scholes
Peter Crouch
Robbie Keane
Roberto Firmino
Robin van Persie
Romelu Lukaku
Ruud van Nistelrooy
Ryan Giggs
Sadio Mane
Sergio Aguero
Teddy Sheringham
 
Answer Stats
Answer % Correct
Alan Shearer
100%
Mo Salah
70%
Sergio Aguero
60%
Ian Wright
43%
Sadio Mane
43%
Peter Crouch
40%
Robin van Persie
40%
Darren Bent
37%
Dion Dublin
37%
Emile Heskey
37%
Robbie Keane
37%
Ryan Giggs
33%
Teddy Sheringham
33%
Matthew Le Tissier
30%
Paul Scholes
30%
Romelu Lukaku
27%
Nicolas Anelka
20%
Dimitar Berbatov
7%
No matching quizzes found
Score Distribution
Percent of People with Each Score
Percentile by Number Answered
Your Score History
You have not taken this quiz